| 000 | 00406nam a2200133Ia 4500 | ||
|---|---|---|---|
| 008 | 220217s9999||||xx |||||||||||||| ||und|| | ||
| 020 | _a978-81-224-2182-8 | ||
| 082 | _a519.4 ALA | ||
| 100 |
_aAlvala, Chennakeshava, R _97074 |
||
| 245 | 0 | _aFuzzy logic and neural networks | |
| 260 |
_aNew age international private, Ltd. _bNew Delhi _c2009 |
||
| 300 |
_aXVII,257p;28cm _b195 |
||
| 650 | _aMATHEMATICS | ||
| 999 |
_c180500 _d180500 |
||